Normal view
MARC view
Entry Topical Term
001 - CONTROL NUMBER
- control field: 27364
003 - CONTROL NUMBER IDENTIFIER
- control field: OSt
005 - DATE AND TIME OF LATEST TRANSACTION
- control field: 20210915153243.0
008 - FIXED-LENGTH DATA ELEMENTS
- fixed length control field: 210915|| aca||aabn | a|a d
040 ## - CATALOGING SOURCE
- Original cataloging agency: OSt
- Transcribing agency: OSt
150 ## - HEADING--TOPICAL TERM
- Topical term or geographic name entry element: Welfare, Well-Being, and Poverty: Government Programs; Provision and Effects of Welfare Programs J15 Economics of Minorities, Races, Indigenous Peoples, and Immigrants; Non-labor Discrimination
670 ## - SOURCE DATA FOUND
- Source citation: Work cat.: (OSt)517624: Agersnap, O., Jensen, A. and Kleven, H. 27363, The welfare magnet hypothesis: Evidence from an immigrant welfare scheme in Denmark
